| 000 | 00506nam a2200157Ia 4500 | ||
|---|---|---|---|
| 008 | 210716s2009 xx 000 0 und d | ||
| 020 | _a9788132102915 | ||
| 041 | _aeng | ||
| 082 | _a652.3007 CARS | ||
| 100 | _aCaro,Sarah. | ||
| 245 |
_aHow to publish your PhD: a practical guide for the humanities and social sciences. _bPractical guide for the humanities and social sciences. |
||
| 250 | _a1 | ||
| 260 |
_aNew Delhi _bSage Publications _c2009 |
||
| 300 | _avii,136 | ||
| 650 | _aBusiness Communication | ||
| 999 |
_c211441 _d211441 |
||